| 000 | 00985nam a2200253 a 4500 | ||
|---|---|---|---|
| 008 | 120416s1976 ||||||||||||||||| || u | ||
| 020 | _a0521209579 | ||
| 020 | _a0521290112 | ||
| 050 | _aHC 110.T4 Ros | ||
| 100 | _aRosenberg, Nathan, 1927- | ||
| 245 | 1 | 0 | _aPerspectives on technology |
| 260 |
_aCambridge: _bCambridge University Press _c1976 |
||
| 300 | _ax, 353 p. | ||
| 350 | _a0.00 | ||
| 500 | _aIncludes bibliographical references and index. | ||
| 650 | 0 | _aDIFFUSION OF INNOVATIONS | |
| 650 | _aUNITED STATES--ECONOMIC CONDITIONS | ||
| 650 | 0 | _aECONOMIC DEVELOPMENT--AFRICA, SUB-SAHARAN | |
| 650 | 7 |
_aTECHNOLOGY _2fast |
|
| 650 | _aDIFFUSION OF INNOVATIONS--UNITED STATES | ||
| 650 | _aTECHNOLOGICAL INNOVATIONS--ECONOMIC ASPECTS | ||
| 650 | _aTECHNOLOGICAL INNOVATIONS--ECONOMIC ASPECTS--UNITED STATES | ||
| 995 |
_D0.00 _FCBU-MAIN LIBRARY (Kitwe) _H1 _I7.95 _M1 _UAVAILABLE _ZAnnex Low-Usage Collection |
||
| 999 |
_c53431 _d53431 |
||